000 00329 a2200169 4500
001 168751
020 _a978-85-02-09369-0
040 _cMagnum
100 _aGroto, Robson
240 1 0 _aQuímica 3
_lpor
245 1 0 _aQuímica 3
300 _a304
362 0 _a2010
440 1 _aAtual
697 _aQUÍMICA
942 _cBK
999 _c168751
_d168751